000 00714nam a2200229 a 4500
001 42401
003 BD-RjUL
005 20211209053533.0
008 160612s1964 enka 001 0 eng u
035 _a(BD-RjUL)42519
040 _beng
_cBD-RjUL
_aBD-RjUL
041 _aeng
082 _223
_a324.2481
_bVAP 1964
100 1 _aValen, Henry.
_9130425
245 1 0 _aPolitical parties in Norway :
_ba community study /
_c Henry Valen , Daniel Katz.
260 _aOslo :
_bUniversitetsforlaget ;
_aLondon :
_bTavistock Publications,
_c1964
300 _axi, 383 p. :
_bill. ;
_c21 cm.
500 _aIncludes index.
650 0 _aPolitical parties
_zNorway
_9130426
700 1 _aKatz, Daniel.
_9130427
942 _2ddc
_cBK
999 _c42401
_d42401